| 000 | 00699nam a2200229 a 4500 | ||
|---|---|---|---|
| 005 | 20241012063910.0 | ||
| 008 | 020705s2000 mx r 000 0 spa d | ||
| 020 | _a9681658302 | ||
| 035 | _aUPN01000118001 | ||
| 049 | _aCG | ||
| 050 | 4 |
_aPN3437 _bG5.28 |
|
| 100 | 1 | _aGillig, Jean-Marie | |
| 245 | 1 | 3 |
_aEl cuento en pedagogía y en reeducación / _cJean-Marie Gillig ; tr. Renée Lilian González de la Lama. |
| 260 |
_aMéxico : _bFCE, _c2000. |
||
| 300 | _a270 p. | ||
| 440 | 0 | _aSección de obras de educación y pedagogía | |
| 650 | 4 |
_aCuentos infantiles _96744 |
|
| 650 | 4 |
_aImaginación en niños _912146 |
|
| 650 | 4 |
_aJuegos educativos _93952 |
|
| 905 | _aLibro | ||
| 999 |
_c90396 _d90396 |
||